000 00523nam a2200181Ia 4500
008 131103s9999 xx 000 0 und d
040 _aLoreto College
041 _aEnglish
082 _a372/POL
_bLCBED/1623
100 _aPolkinghorne,R K
245 _aProjects for the junior school
_cR K Polkinghorne & M I R Polkinghorne
260 _aLondon
_bGeorge G Harrap
_c1941
300 _a70p.
_b ill.
_c 21cm.
650 _aElementary education
700 _aPolkinghorne, M I R
850 _aLCBED/372/POL
942 _cBK
999 _c26264
_d76743